000 00550nam a22001817a 4500
005 20170330145049.0
010 _aENG-117653
020 _a9788178796031
_c195.00
035 _aEN-101185
037 _bDABD/PUB
082 _a230.42
100 _aSharma, Sunil Kumar
245 _aPractical meditation/
_cby Sunil Kumar Sharma
260 _aNew Delhi
_bSports Publication
_c2010
270 _a7/26, Ground Floor, Ansari Road, Daryaganj
_bNew Delhi
_e110002
300 _a75p. :
_c21cm(Hb)
_bill.
942 _2ddc
_cEN
_h230.42
_mSHA
999 _c138570
_d138570